Score 0/20 Timer 05:00
13 Plays Today
Hint Answer % Correct
Ellen Degeneres
90.4%
P!nk
89.7%
Halle Berry
88.4%
Miley Cyrus
87.8%
Rihanna
84.6%
Emma Watson
84.3%
Anne Hathaway
81.3%
Natalie Portman
76.2%
Beyoncé
74%
Janet Jackson
73.5%
Hint Answer % Correct
Victoria Beckham
71.6%
Kelly Osbourne
63.1%
Hilary Swank
62.5%
Charlize Theron
60.6%
Winona Ryder
60.2%
Jane Lynch
54.9%
Keira Knightley
53.7%
Katie Holmes
50%
Michelle Williams
47.8%
Selma Blair
29.3%
Remove Ads.
Support Sporcle.
Get the best of Sporcle when you Go Orange. This ad-free experience offers more features, more stats, and more fun while also helping to support Sporcle. Thank you for becoming a member.

You're not logged in!

Compare scores with friends on all Sporcle quizzes.
OR
Log In

Show Comments

Extras

Top Quizzes Today


Score Distribution

Your Account Isn't Verified!

In order to create a playlist on Sporcle, you need to verify the email address you used during registration. Go to your Sporcle Settings to finish the process.

Report this User

Report this user for behavior that violates our Community Guidelines.

Details: